10 British Beers - Easy - Slideshow Quiz Stats

 Plays Quiz not verified by Sporcle

Score 0/10 Timer 03:00
0 Plays Today
% Correct
Wychwood Hobgoblin
84.8%
Fuller's London Pride
82%
Greene King IPA
77.7%
Sharp's Doom Bar
67.5%
Wells Bombardier
65.6%
Marston's Pedigree
57.6%
Morland Old Speckled Hen
56%
Shepherd Neame Spitfire
45.5%
Wadworth 6X
44.6%
Courage Directors
38.4%

You're not logged in!

Compare scores with friends on all Sporcle quizzes.
OR
Log In

You Might Also Like...

Show Comments

Extras

Top Quizzes Today


Score Distribution

Your Account Isn't Verified!

In order to create a playlist on Sporcle, you need to verify the email address you used during registration. Go to your Sporcle Settings to finish the process.

Report this User

Report this user for behavior that violates our Community Guidelines.

Details: